书目信息 |
| 题名: |
宠物图鉴千宠大集结
|
|
| 作者: | ;深圳市腾讯计算机系统公司 著 ;广州奇妙文化活动策划公司 编绘 | |
| 分册: | 2 | |
| 出版信息: | 南京 江苏凤凰文艺出版社 2016 |
|
| 页数: | 319页 | |
| 开本: | 17cm | |
| 丛书名: | ||
| 单 册: | ||
| 中图分类: | G899-49 | |
| 科图分类: | ||
| 主题词: | 电子游戏--儿童读物 | |
| 电子资源: | ||
| ISBN: | 978-7-5399-8925-9 | |
| 000 | 00893nam0 2200253 450 | |
| 001 | 0103948966 | |
| 005 | 20161214141230.0 | |
| 010 | @a978-7-5399-8925-9@dCNY26.00 | |
| 100 | @a20160830d2016 cemy0chiy0120 ea | |
| 101 | 0 | @achi |
| 102 | @aCN@b320000 | |
| 105 | @aa z 000yy | |
| 106 | @ar | |
| 200 | 1 | @a宠物图鉴千宠大集结@9Chong Wu Tu Jian Qian Chong Da;Dai Ji Jie @h2@b专著 |
| 210 | @a南京@c江苏凤凰文艺出版社@d2016 | |
| 215 | @a319页@d17cm | |
| 300 | @a洛克王国 | |
| 314 | @a版权页题:深圳市腾讯计算机系统有限公司著;广州奇妙文化活动策划有限公司编绘 | |
| 606 | 0 | @a电子游戏@j儿童读物 |
| 690 | @aG899-49@v5 | |
| 711 | 02 | @a深圳市腾讯计算机系统公司@4著@9shen zhen shi teng xun ji suan ji xi tong gong si |
| 712 | 02 | @a广州奇妙文化活动策划公司@4编绘@9guang zhou qi miao wen hua huo dong ce hua gong si |
| 801 | 0 | @aCN@bAZmarc@c20230903 |
| 905 | @aBZT@dG898.3@e10:2@f1@sG898.3/10:2 | |
| 宠物图鉴千宠大集结.2.-南京:江苏凤凰文艺出版社,2016 |
| 319页;17cm |
| 洛克王国 |
| ISBN 978-7-5399-8925-9:CNY26.00 |
| ● |
| 相关链接 |
|
|
|
正题名:宠物图鉴千宠大集结
索取号:G898.3/10:2
 
预约/预借
| 序号 | 登录号 | 条形码 | 馆藏地/架位号 | 状态 | 备注 |
| 1 | 2000059145 | 2000059145 | 旧书回溯/ [索取号:G898.3/10:2] | 在馆 |